Countries by area smallest to biggest - Statistics

General Stats
  • This quiz has been taken 39 times
    23 since last reset
  • The average score is 53 of 197
Answer Stats
Km2 Hint
(First letter)
Answer % Correct
2 M Monaco
100%
0 V Vatican City
100%
26 T Tuvalu
94%
61 S San Marino
88%
21 N Nauru
76%
468 A Andorra
59%
17,098,242 R Russia
53%
9,372,610 U United States of America
53%
442 A Antigua and Barbuda
47%
7,692,024 A Australia
47%
8,515,767 B Brazil
47%
9,984,670 C Canada
47%
9,706,961 C China
47%
344 G Grenada
47%
261 S St Kitts and Nevis
47%
2,381,741 A Algeria
41%
2,780,400 A Argentina
41%
430 B Barbados
41%
2,724,900 K Kazakhstan
41%
811 K Kiribati
41%
300 M Maldives
41%
316 M Malta
41%
181 M Marshall Islands
41%
459 P Palau
41%
964 S Sao Tome and Principe
41%
616 S St lucia
41%
389 S St Vincent and the Grenadines
41%
747 T Tonga
41%
2,344,858 D Democratic Republic of the Congo
35%
751 D Dominica
35%
702 F Federated States of Micronesia
35%
18,272 F Fiji
35%
27,750 H Haiti
35%
3,287,590 I India
35%
10,991 J Jamaica
35%
10,887 K Kosovo
35%
75,417 P Panama
35%
11,586 Q Qatar
35%
2,482 S Samoa
35%
5,130 T Trinidad and Tobago
35%
12,189 V Vanuatu
35%
28,278 A Albania
29%
29,743 A Armenia
29%
83,871 A Austria
29%
86,600 A Azerbaijan
29%
13,943 B Bahamas
29%
765 B Bahrain
29%
30,528 B Belguim
29%
22,996 B Belize
29%
38,394 B Bhutan
29%
51,209 B Bosnia and Herzegovina
29%
5,765 B Brunei
29%
27,834 B Burundi
29%
4,033 C Cape Verde
29%
1,862 C Comoros
29%
51,100 C Costa Rica
29%
56,594 C Croatia
29%
9,251 C Cyprus
29%
78,865 C Czech Republic
29%
23,200 D Djibouti
29%
48,671 D Dominican Republic
29%
14,874 E East Timor
29%
21,041 E El Salvador
29%
28,051 E Equatorial Guinea
29%
45,227 E Estonia
29%
17,364 E Eswatini
29%
551,695 F France
29%
36,125 G Guinea Bissau
29%
93,028 H Hungary
29%
70,273 I Ireland
29%
20,770 I Israel
29%
89,342 J Jordan
29%
17,818 K Kuwait
29%
64,559 L Latvia
29%
10,452 L Lebanon
29%
30,355 L Lesotho
29%
65,300 L Lithuania
29%
2,586 L Luxembourg
29%
33,846 M Moldova
29%
13,812 M Montenegro
29%
41,850 N Netherlands
29%
120,538 N North Korea
29%
25,713 N North Macedonia
29%
92,090 P Portugal
29%
26,338 R Rwanda
29%
88,361 S Serbia
29%
71,740 S Sierra Leone
29%
710 S Singapore
29%
49,037 S Slovakia
29%
20,273 S Slovenia
29%
100,210 S South Korea
29%
505,992 S Spain
29%
65,610 S Sri Lanka
29%
41,284 S Switzerland
29%
56,785 T Togo
29%
603,500 U Ukraine
29%
83,600 U United Arab Emirates
29%
147,570 B Bangladesh
24%
112,622 B Benin
24%
181,035 C Cambodia
24%
109,884 C Cuba
24%
117,600 E Eritrea
24%
10,689 G Gambia
24%
357,114 G Germany
24%
131,990 G Greece
24%
108,889 G Guatemala
24%
112,492 H Honduras
24%
103,000 I Iceland
24%
301,336 I Italy
24%
377,930 J Japan
24%
111,369 L Liberia
24%
118,484 M Malawi
24%
2,040 M Mauritius
24%
1,964,375 M Mexico
24%
147,181 N Nepal
24%
312,679 P Poland
24%
342,000 R Republic of the Congo
24%
196,722 S Senegal
24%
452 S Seychelles
24%
28,896 S Solomon Islands
24%
163,820 S Suriname
24%
450,295 S Sweden
24%
36,193 T Taiwan
24%
163,610 T Tunisia
24%
783,562 T Turkey
24%
242,900 U United Kingdom
24%
181,034 U Uruguay
24%
527,968 Y Yemen
24%
652,230 A Afghanistan
18%
582,000 B Botswana
18%
110,879 B Bulgaria
18%
272,967 B Burkina Faso
18%
475,442 C Cameroon
18%
622,984 C Central African Republic
18%
756,102 C Chile
18%
43,094 D Denmark (not including Greenland)
18%
276,841 E Ecuador
18%
338,424 F Finland
18%
266,000 G Gabon
18%
238,533 G Ghana
18%
245,857 G Guinea
18%
438,317 I Iraq
18%
322,463 I Ivory Coast
18%
580,367 K Kenya
18%
199,951 K Kyrgyzstan
18%
236,800 L Laos
18%
587,041 M Madagascar
18%
330,803 M Malaysia
18%
1,564,110 M Mongolia
18%
446,550 M Morocco
18%
270,467 N New Zealand
18%
130,373 N Nicaragua
18%
323,802 N Norway
18%
309,500 O Oman
18%
462,840 P Papua New Guinea
18%
342,353 P Philippines
18%
238,391 R Romania
18%
2,149,690 S Saudi Arabia
18%
637,657 S Somalia
18%
619,745 S South Sudan
18%
185,180 S Syria
18%
143,100 T Tajikistan
18%
513,120 T Thailand
18%
488,100 T Turkmenistan
18%
241,550 U Uganda
18%
447,400 U Uzbekistan
18%
916,445 V Venezuela
18%
331,212 V Vietnam
18%
752,612 Z Zambia
18%
390,757 Z Zimbabwe
18%
1,098,581 B Bolivia
12%
1,002,450 E Egypt
12%
1,904,569 I Indonesia
12%
1,648,195 I Iran
12%
160 L Liechtenstein
12%
1,030,700 M Mauritania
12%
801,590 M Mozambique
12%
676,578 M Myanmar
12%
825,615 N Namibia
12%
923,768 N Nigeria
12%
881,912 P Pakistan
12%
406,752 P Paraguay
12%
1,886,068 S Sudan
12%
945,807 T Tanzania
12%
1,246,700 A Angola
6%
207,600 B Belarus
6%
1,284,000 C Chad
6%
1,141,748 C Colombia
6%
2,166,086 D/G Denmark (Greenland)
6%
1,104,300 E Ethiopia
6%
214,969 G Guyana
6%
1,759,540 L Libya
6%
1,240,192 M Mali
6%
1,267,000 N Niger
6%
1,285,216 P Peru
6%
1,221,037 S South Africa
6%
69,700 G Georgia
0%
No matching quizzes found
Score Distribution
Percent of People with Each Score
Percentile by Number Answered
Your Score History
You have not taken this quiz since the last reset